| 000 | 00715cam a22002293a 4500 | ||
|---|---|---|---|
| 001 | 32973 | ||
| 003 | PGUSA | ||
| 005 | 20140828083719.0 | ||
| 008 | 100625s2010||||xxu|||||s|||||000 | eng d | ||
| 040 |
_aPGUSA _beng |
||
| 042 | _adc | ||
| 050 | 4 | _aQA | |
| 100 | 1 |
_aBlackburn, Hugh, _d1823-1909 |
|
| 245 | 1 | 0 |
_aElements of Plane Trigonometry : _bFor the use of the junior class of mathematics in the University of Glasgow _h[electronic resource] / _cHugh Blackburn |
| 260 |
_bProject Gutenberg, _c2010 |
||
| 506 | _aPublic domain in the USA. | ||
| 516 | _aElectronic text | ||
| 653 | _aPlane trigonometry | ||
| 830 | 0 |
_aProject Gutenberg _v32973 |
|
| 856 | 4 | 0 | _uhttp://www.gutenberg.org/ebooks/32973 |
| 942 | _cEB | ||
| 999 |
_c262228 _d262228 |
||